The 'Other Disciple' in Jn 18,15-16

Saved in:  
Bibliographic Details
Main Author: Neirynck, Frans 1927-2012 (Author)
Format: Print Article
Language:English
Check availability: HBZ Gateway
Interlibrary Loan:Interlibrary Loan for the Fachinformationsdienste (Specialized Information Services in Germany)
Published: 1982
In: Evangelica ; [1]
Year: 1982, Pages: 335-364
IxTheo Classification:HC New Testament
Further subjects:B Bible. Johannesevangelium 18,15-16

MARC

LEADER 00000caa a22000002c 4500
001 1588760243
003 DE-627
005 20241126113500.0
007 tu
008 190311s1982 xx ||||| 00| ||eng c
020 |a 9061861322 
035 |a (DE-627)1588760243 
035 |a (DE-576)518760243 
035 |a (DE-599)BSZ518760243 
040 |a DE-627  |b ger  |c DE-627  |e rakwb 
041 |a eng 
084 |a 1  |2 ssgn 
100 1 |0 (DE-588)11908791X  |0 (DE-627)079880495  |0 (DE-576)162356684  |4 aut  |a Neirynck, Frans  |d 1927-2012 
109 |a Neirynck, Frans 1927-2012 
245 1 4 |a The 'Other Disciple' in Jn 18,15-16 
264 1 |c 1982 
336 |a Text  |b txt  |2 rdacontent 
337 |a ohne Hilfsmittel zu benutzen  |b n  |2 rdamedia 
338 |a Band  |b nc  |2 rdacarrier 
500 |a Erstveröffentlichung: 1975 
630 0 7 |0 (DE-588)1120543584  |0 (DE-627)873490576  |0 (DE-576)48042814X  |a Bibel  |p Johannesevangelium  |n 18,15-16  |2 gnd 
652 |a HC 
773 0 8 |i Enthalten in  |a Neirynck, Frans, 1927 - 2012  |t Evangelica ; [1]  |d Leuven : Univ. Pr., 1982  |g (1982), Seite 335-364  |w (DE-627)1095304070  |w (DE-576)025304070  |z 9061861322  |7 nnam 
773 1 8 |g year:1982  |g pages:335-364 
935 |a BIIN 
951 |a AR 
BIB |a 1 
BIR |a 04018015_04018016  |b biblesearch 
ELC |b 1 
ITA |a 1  |t 1 
LOK |0 000 xxxxxcx a22 zn 4500 
LOK |0 001 3058313748 
LOK |0 003 DE-627 
LOK |0 004 1588760243 
LOK |0 005 20190311183602 
LOK |0 008 190311||||||||||||||||ger||||||| 
LOK |0 035   |a (DE-Tue135-1)37633 
LOK |0 040   |a DE-Tue135-1  |c DE-627  |d DE-Tue135-1 
LOK |0 852   |a DE-Tue135-1 
LOK |0 852 1  |c NT07886/NKF/18  |m p  |9 00 
LOK |0 852 2  |b N 39  |9 00 
LOK |0 935   |a iSWA 
LOK |0 936ln  |0 1442044136  |a HC 
LOK |0 938   |k p 
LOK |0 939   |a 11-03-19  |b l12 
ORI |a SA-MARC-ixtheoa001.raw 
SUB |a BIB